000 00372 a2200169 4500
001 184815
020 _a85-16-03252-3
040 _cMagnum
100 _aBandeira, Pedro
240 1 0 _aCavalgando o arco-íris
_lpor
245 1 0 _aCavalgando o arco-íris
300 _a63
362 0 _a2002
440 1 _aModerna
697 _aLITERATURA INFANTO-JUVENIL
942 _cBK
999 _c184815
_d184815